A carregar...

The United Nations and Human rights a critical appraisal

Detalhes bibliográficos
Formato: Printed Book
Idioma:English
Publicado em: Oxford Clarendon press 1992
Assuntos:
LEADER 00530nam a22001577a 4500
003 OSt
008 090521t xxu||||| |||| 00| 0 eng d
020 |a 0198260016 
080 |a 341.231.14  |b ALS 
245 |a The United Nations and Human rights  |b a critical appraisal  |c edited by Philp Alston 
260 |a Oxford  |b Clarendon press  |c 1992 
300 |a 765p. 
653 |a Human rights 
942 |c REF  |6 _ 
999 |c 184658  |d 184658 
952 |0 0  |1 0  |4 0  |6 34123114_ALS  |7 0  |9 238143  |a SLS  |b SLS  |d 2009-01-12  |o 341.231.14 ALS  |p SLS019153  |r 2009-01-12  |w 2020-07-30  |y REF